LEADER 01262nam--2200385---450- 001 990001132930203316 005 20030718134934.0 035 $a000113293 035 $aUSA01000113293 035 $a(ALEPH)000113293USA01 035 $a000113293 100 $a20030224d2002----km-y0enga50------ba 101 0 $aita 102 $aIT 105 $ay|||z|||001yy 200 1 $aManuale del registro$efascicolo provvisorio di aggiornamento, 31 gennaio 2002$eraccolta di legislazione, norme amministrative e giurisprudenza$fcoordinata per articolo da Giuseppe Giuliani 210 $aMilano$cGiuffrè$d2002 215 $a73 p.$d24 cm 300 $aSegue : Appendice 606 0 $aTassa di registro$xLegislazione 676 $a343.45055 702 1$aGIULIANI,$bGiuseppe 710 02$aITALIA$0423419 801 0$aIT$bsalbc$gISBD 912 $a990001132930203316 951 $aIG VII 256 Agg. 2002$b33807 G.$cIG VII$d00084921 959 $aBK 969 $aGIU 979 $aMARIA$b10$c20030224$lUSA01$h1026 979 $aRENATO$b90$c20030717$lUSA01$h1318 979 $aANGELA$b90$c20030718$lUSA01$h1349 979 $aPATRY$b90$c20040406$lUSA01$h1718 979 $aPATRY$b90$c20061017$lUSA01$h1724 996 $aManuale del registro$9270367 997 $aUNISA LEADER 01420nam 2200409 450 001 9910671053603321 005 20190702105710.0 010 $a958-774-457-8 035 $a(CKB)4100000007545593 035 $a(MiAaPQ)EBC5636577 035 $a(OCoLC)1128406676 035 $a(FlNmELB)ELB70627 035 $a(EXLCZ)994100000007545593 100 $a20190415d2016 uy 0 101 0 $aspa 135 $aurcnu|||||||| 181 $2rdacontent 182 $2rdamedia 183 $2rdacarrier 200 00$aObra de Francisco Leal Buitrago$hTomo I ;$eestudios sobre el Congreso de la Repu?blica de Colombia$iLa contribucio?n de Francisco Leal Buitrago /$fLaura Wills-Otero Angelika Rettberg (edicio?n acade?mica y compilacio?n) 210 1$aBogota? :$cUniversidad de los Andes,$d2016. 215 $a1 online resource (volu?menes) $cilustraciones, fotos 311 $a958-774-454-3 517 1 $aObra de Francisco Leal Buitrago. 606 $aSeguridad nacional$zColombia$xHistoria 607 $aColombia$xPolitics and government 608 $aLibros electronicos. 615 4$aSeguridad nacional$xHistoria. 676 $a320.9861 701 $aRettberg Beil$b Angelika$01046088 701 $aWills Otero$b Laura$01334510 801 0$bFINmELB 801 1$bFINmELB 906 $aBOOK 912 $a9910671053603321 996 $aObra de Francisco Leal Buitrago$93051659 997 $aUNINA